| 000 | 00476nam a22001457a 4500 | ||
|---|---|---|---|
| 020 | _qHBK. | ||
| 082 | _a510 | ||
| 245 |
_aMHD Flow Heat and Mass Transfer over an Oscillating and Translating Porous Surface _cArshad Alam Khan |
||
| 260 |
_aIslamabad: _bSNS - NUST, _c2016. |
||
| 300 |
_a65 p. : ill. ; _c30cm. |
||
| 650 |
_aMathematics - MS Thesis. _916139 |
||
| 700 |
_aSupervised Dr. Yasir Ali. _919781 |
||
| 942 |
_2ddc _cTHE |
||
| 999 |
_c528182 _d528182 |
||